00422 2200157 4500001002100000008004100021035002000062245003600082100001700118260003100135300001700166020002200183082001800205650002800223990001300251INLIS000000000000918 ind  a0010-0423000918 aENSIKLOPEDIA PAHLAWAN INDONESIA aTIM GRASINDO aJAKARTAbPT GRASINDOc2011 ahlm.c24 cm. a978-979-081-541-4 a809.933 520 3 aPAHLAWAN - ENSIKLOPEDIA a102467-1